| 000 | 00617nam a22002537a 4500 | ||
|---|---|---|---|
| 001 | 0148 | ||
| 003 | DO-SdBNP | ||
| 005 | 20180223144826.0 | ||
| 007 | 0148 | ||
| 008 | 151005b1984 sp a 00| 0 spa d | ||
| 020 | _a847514053X | ||
| 040 |
_aBPMSU _bspa _cBPMSU |
||
| 092 |
_aXXXX _bXXXX |
||
| 245 | 1 | 0 | _aClásicos para niños / |
| 260 |
_aMadrid : _bEuropa-Ediexport, _c1984. |
||
| 300 |
_a60 p. : _bil. _c26 cm. |
||
| 490 | 1 |
_aAtlantida _v4 |
|
| 521 | 1 | _aA partir de los 12 años | |
| 830 | 0 |
_aAtlantida _n4 |
|
| 910 | _a202 | ||
| 942 |
_2ddc _cBK |
||
| 945 | _aInventariado, 2018/ YL | ||
| 956 |
_aYLOCKWARD _b10 _cBPMSU |
||
| 999 |
_c8852 _d8852 |
||